000 00600nam a2200205Ia 4500
003 GCL
008 140319s9999 xx 000 0 ara d
040 _aGCL /
_cGCL
082 0 4 _a370.13
_bب م
100 1 _aبول مترو
245 1 0 _aالمرجع فى تاريخ التربية ج1 ,ج2 /
_cبول مترو
700 1 _aصالح عبدالعزيز
700 1 _aحامد عبدالقادر
260 _a[S.N] :
_bمكتبة النهضة المصرية
300 _a464 ص
490 _a
650 0 4 _aالتربية
650 0 4 _aعلم النفس التربوى
942 _2ddc
_cBK
999 _c53169
_d53169